000 00947nam a2200253Ia 4500
003 OSt
005 20221005113351.0
006 a|||||r|||| 00| 0
007 ta
008 221004b |||||||| |||| 00| 0 pan d
020 _a9789385448768 (hbk)
_cINR 400.00
024 _a33226
037 _b790, 27/02/2017, H.K. Prakashan
_cTextual
040 _aCRL
_cCRL
_bpan
041 _2pan
_apan
082 _aO153,3N63:g, Q6
100 _aਜੱਸਲ, ਸਤਪ੍ਰੀਤ ਸਿੰਘ, ਥਦ.
_9157928
245 0 _aਪਵਨ ਪਰਿੰਦਾ ਦਾ ਕਲਮੀ ਸਖ਼ਰ
260 _aਬਰਨਾਲਾ
_bਪੁਲਾਂਘ ਪ੍ਰਕਾFਨ ਭਾਰਤ
_c2016
300 _a213ਪ੍ਰ0
_ccm.
650 _a ਪੰਜਾਬੀ ਕਹਾਣੀ
942 _hO153,3N63:g, Q6
_cTEXL
_2cc
999 _c1027933
_d1027933